Movies Quiz

Random Movies Quiz
Score 0/10 Timer 05:00
0 Plays Today
Movie % Correct
Spirited Away
94.4%
Howl's Moving Castle
83.2%
Ponyo
83.2%
Kiki's Delivery Service
75.7%
My Neighbor Totoro
72%
Princess Mononoke
71%
Castle In The Sky
69.2%
Porco Rosso
51.4%
Nausicaa Of The Valley Of The Wind
41.1%
The Castle Of Cagliostro
20.6%

You're not logged in!

Compare scores with friends on all Sporcle quizzes.
OR
Log In

Sporcle TV

Today on Sporcle TV


Watch our educational content, quiz creation guides, and fun videos on Sporcle TV.

Show Comments

Extras

Top Quizzes Today


Score Distribution

Paid Content

Your Account Isn't Verified!

In order to create a playlist on Sporcle, you need to verify the email address you used during registration. Go to your Sporcle Settings to finish the process.

Report this User

Report this user for behavior that violates our Community Guidelines.

Details: